000 00764nam a2200241Ia 4500
003 OSt
005 20220923212438.0
006 a|||||r|||| 00| 0
007 ta
008 220922b |||||||| |||| 00| 0 hin d
024 _a153,028
037 _cTextual
040 _aARTS
_cARTS
_bhin
041 _2hin
_ahin
082 _aNW44,N, 152N0
100 _aचड्ढा, मनमोहन
_9156318
245 0 _aहिन्दी सिनेमा का इतिहास
246 _aHindī sinemā kā itihāsa
260 _aनई दिल्ली
_b सचिन प्रकाशन
_c1990
300 _a468 पृ.
_ccm.
942 _hNW44,N, 152N0
_cTEXL
_2CC
999 _c308676
_d308676